Humenské topky

Bibliographic Details
Main Author: Čirkes, Ľubor (Adapter)
Format: Journal
Language:Slovak
Published: Humenné WMC Slovakia, s.r.o. 2012-2013
Subjects:

MARC

LEADER 00000cas a2200000 a 4500
001 vtls010496372
003 SK-MaSNL
005 20260228161957.0
008 130312c20122013xo cr|p 0 0slo
022 |a 1338-905X 
040 |a SNK  |b slo  |c SNK  |e AACR2 
041 0 |a slo 
043 |a e-xo--- 
044 |a xo  |c SK 
072 7 |a 394  |x Verejný a spoločenský život. Každodenný život  |2 konspekt 
072 7 |a 352/354  |x Stupne miestnej, oblastnej a ústrednej správy  |2 konspekt 
080 |a 394  |2 2011 
080 |a 353.9  |2 2011 
080 |a (051)+(054)  |2 2011 
080 |a 050  |2 2011 
080 |a (437.671)  |2 2011 
210 0 |a Humenské top. 
222 0 |a Humenské topky 
245 0 0 |a Humenské topky 
260 |a Humenné  |b WMC Slovakia, s.r.o.  |c 2012-2013 
300 |a 2 zv.  |c 41 cm 
310 |a 26x ročne 
362 0 |a Roč. I, č.1 (2012)-roč. II, č. 1 (2013) 
500 |a Registračné č. MK SR: EV 4685/12 
500 |a Upravovateľ: 2012-2013, Ľubor Čirkes 
650 0 7 |a každodenný život  |2 SNKPH  |9 4946 
650 0 7 |a územná samospráva  |2 SNKPH  |9 802 
651 7 |a Humenné (Slovensko : okres)  |2 SNKPHgeo  |9 22484 
655 7 |a miestne periodiká  |2 SNKPH  |9 160938 
700 1 |a Čirkes, Ľubor  |4 adp  |9 270128 
910 |a snk 
958 |a OND 
999 |c 6313  |d 8243 
952 |0 0  |1 0  |3 Spoločne zviazané r. 2012-2013  |4 0  |7 0  |8 0  |a SNK  |b SNK  |d 2018-03-09  |i snk2018/6052  |l 0  |o snkČSA 1443/1/2012  |p 17A1268469  |r 2026-02-21 21:49:12  |t č. 1-3  |w 2026-02-21  |y PREZ  |z Spoločne zviazané r. 2012-2013 
952 |0 0  |1 0  |3 Spoločne zviazané r. 2012-2013  |4 0  |7 0  |8 0  |a SNK  |b SNK  |d 2018-03-09  |i snk2018/6052  |l 0  |o snkČSA 1443/2/2013  |p 17A1268468  |r 2026-02-21 21:49:12  |t č. 1  |w 2026-02-21  |y PREZ  |z Spoločne zviazané r. 2012-2013